| 000 | 00948nam a22002895a 4500 | ||
|---|---|---|---|
| 005 | 20180402150952.0 | ||
| 008 | 180402r20172013ii a frb 001 0 eng d | ||
| 020 | _a9781259029981 | ||
| 020 | _a1259029980 | ||
| 040 |
_aEG-ScBUE _beng _cEG-ScBUE |
||
| 082 | 0 | 4 |
_a006.3 _bKHE _222 |
| 100 | 1 | _aKhemani, Deepak. | |
| 245 | 1 | 2 |
_aA first course in artificial intelligence / _cDeepak Khemani. |
| 246 | 3 | 0 | _aArtificial intelligence |
| 250 | _a15th reprint ed. | ||
| 260 |
_aTami Nadu, India : _bMcGraw Hill Education (India) Privats Limited, _c2017. |
||
| 300 |
_axviii, 926 p. : _bill. ; _c24 cm. |
||
| 500 | _aReprint of the 2013 ed. | ||
| 500 | _aAlso available as e-Book. | ||
| 504 | _aIncludes bibliographical references and index. | ||
| 650 | 7 |
_aArtificial intelligence. _2BUEsh |
|
| 651 | _2BUEsh | ||
| 653 |
_bENGMEC _bCOMAME _cApril2018 |
||
| 655 |
_vReading book _934232 |
||
| 856 | 4 | 0 | _uhttp://www.mhhe.com/khemani/ai |
| 942 | _2ddc | ||
| 999 |
_c26457 _d26429 |
||